Language: and introduction to the study of speech

שמור ב:
מידע ביבליוגרפי
מחבר ראשי: Sapir, Edward
פורמט: ספר
שפה:Undetermined
יצא לאור: New York, Estados Unidos Harcourt, Brace Jovanovich 1949
נושאים:
תגים: הוספת תג
אין תגיות, היה/י הראשונ/ה לתייג את הרשומה!

MARC

LEADER 00000nam a2200000Ia 4500
008 170316s9999 xx 000 0 und d
090 |a 410 S-5L 
100 |a Sapir, Edward 
245 |a Language: and introduction to the study of speech 
260 |a New York, Estados Unidos 
260 |b Harcourt, Brace Jovanovich 
260 |c 1949 
300 |a 242 páginas 
650 |a LINGÜÍSTICA 
999 |c 18756  |d 18756 
040 |a cru BVZT 
942 |c 15 D  |h 410 S-5L  |2 z